[Event "2. BUNDESLIGA MITTE"]
[Site "Steyregg, Fuerstenfeld/Sauwald/Villach, St. Veit/Glan, Graz"]
[Date "2015.10.02"]
[Round "1"]
[Board "3"]
[White "Halvax, Georg"]
[Black "Linhart, Wolfgang"]
[Result "1-0"]
[WhiteElo "2337"]
[BlackElo "2117"]
[PlyCount "79"]
[EventDate "2015.10.02"]
[EventType "team"]
[EventRounds "11"]
[EventCountry "AUT"]
[WhiteTeam "SC MPOE Maria Saal 2"]
[BlackTeam "SPG Sauwald 2"]

1. d4 Nf6 2. c4 g6 3. Nc3 d5 4. cxd5 Nxd5 5. Bd2 Bg7 6. e4 Nb6 7. Be3 Nc6 8. d5
Ne5 9. Bd4 O-O 10. Be2 f5 11. f4 Nf7 12. Bxg7 Kxg7 13. e5 e6 14. dxe6 Bxe6 15.
Nf3 Qe7 16. Nd4 c6 17. Qd2 Rad8 18. O-O-O Rd7 19. Qe3 Rfd8 20. Rhg1 h5 21. h3
Nh6 22. Nxe6+ Qxe6 23. Rxd7+ Rxd7 24. Rd1 Re7 25. Qg3 Nf7 26. Bxh5 Nd5 27. Nxd5
cxd5 28. Bf3 d4 29. Kb1 Qc4 30. Qf2 d3 31. Qe3 Qc2+ 32. Ka1 Rc7 33. a3 Rc3 34.
Qd4 Rc4 35. Qxd3 Qxd3 36. Rxd3 Rxf4 37. e6 Ne5 38. e7 Kf7 39. e8=Q+ Kxe8 40.
Re3 1-0

[Event "2. BUNDESLIGA MITTE"]
[Site "Steyregg, Fuerstenfeld/Sauwald/Villach, St. Veit/Glan, Graz"]
[Date "2015.10.02"]
[Round "1"]
[Board "4"]
[White "Lang, Josef Jun."]
[Black "Tomazini, Zan"]
[Result "0-1"]
[WhiteElo "2064"]
[BlackElo "2428"]
[PlyCount "62"]
[EventDate "2015.10.02"]
[EventType "team"]
[EventRounds "11"]
[EventCountry "AUT"]
[WhiteTeam "SPG Sauwald 2"]
[BlackTeam "SC MPOE Maria Saal 2"]

1. e4 g6 2. d4 Bg7 3. Nc3 d6 4. Be3 a6 5. Qd2 b5 6. a4 b4 7. Nd5 a5 8. c3 c6 9.
Nf4 Nf6 10. f3 bxc3 11. bxc3 Nbd7 12. Bd3 e5 13. Nge2 O-O 14. Nh3 d5 15. Nf2
Qe7 16. O-O c5 17. Rfe1 cxd4 18. cxd4 dxe4 19. Nxe4 Bb7 20. Nxf6+ Qxf6 21. Rab1
Bc6 22. Bb5 Rfe8 23. Bxc6 Qxc6 24. Rb5 Qc4 25. Reb1 exd4 26. Nxd4 Rxe3 27. Nc2
Re2 28. Qxd7 Qxc2 29. Qd6 Rae8 30. Qg3 Bd4+ 31. Kh1 Bf2 0-1

[Event "2. BUNDESLIGA MITTE"]
[Site "Steyregg, Fuerstenfeld/Sauwald/Villach, St. Veit/Glan, Graz"]
[Date "2015.10.02"]
[Round "1"]
[Board "5"]
[White "Tomazini, Aljosa"]
[Black "Zauner, Christoph"]
[Result "1-0"]
[WhiteElo "2335"]
[BlackElo "2041"]
[PlyCount "65"]
[EventDate "2015.10.02"]
[EventType "team"]
[EventRounds "11"]
[EventCountry "AUT"]
[WhiteTeam "SC MPOE Maria Saal 2"]
[BlackTeam "SPG Sauwald 2"]

1. d4 d5 2. Nf3 c6 3. c4 e6 4. Nc3 Nf6 5. g3 Nbd7 6. Bg2 Bd6 7. O-O O-O 8. Nd2
Re8 9. e4 dxe4 10. Ndxe4 Bf8 11. Bf4 Nxe4 12. Nxe4 Nf6 13. Rb1 a5 14. Re1 Nxe4
15. Bxe4 g6 16. Re2 Bg7 17. Rd2 Qe7 18. Bf3 Bd7 19. Qb3 Qb4 20. Qc2 a4 21. b3
a3 22. Rbd1 Rac8 23. h4 h5 24. Re2 b5 25. c5 Bxd4 26. Rxd4 Qxd4 27. Be5 Qb4 28.
Qc1 f6 29. Qh6 fxe5 30. Qxg6+ Kf8 31. Qf6+ Kg8 32. Rxe5 Qd2 33. Rxh5 1-0

[Event "2. BUNDESLIGA MITTE"]
[Site "Steyregg, Fuerstenfeld/Sauwald/Villach, St. Veit/Glan, Graz"]
[Date "2015.10.02"]
[Round "1"]
[Board "6"]
[White "Endtmayer, Bernhard"]
[Black "Ertl, Johann"]
[Result "0-1"]
[WhiteElo "1984"]
[BlackElo "2303"]
[PlyCount "55"]
[EventDate "2015.10.02"]
[EventType "team"]
[EventRounds "11"]
[EventCountry "AUT"]
[WhiteTeam "SPG Sauwald 2"]
[BlackTeam "SC MPOE Maria Saal 2"]

1. e4 {[%emt 0:00:00]} e6 {[%emt 0:00:00]} 2. d4 d5 3. e5 c5 4. c3 Qb6 5. Bd3
Bd7 6. Ne2 Bb5 7. O-O Nd7 8. Re1 Bxd3 9. Qxd3 Ne7 10. Nd2 Nc6 11. a3 a5 12. b3
cxd4 13. cxd4 Be7 14. Nf3 h6 15. Bb2 O-O 16. Rec1 Rfc8 17. Rc3 Na7 18. Rac1
Rxc3 19. Qxc3 Rc8 20. Qd3 Rxc1+ 21. Bxc1 Qc6 22. Qc3 Qb5 23. Nf4 a4 24. b4 Nb6
25. Nd3 Qc4 26. Qxc4 Nxc4 27. Nc5 Bxc5 28. bxc5 0-1

[Event "2. BUNDESLIGA MITTE"]
[Site "Steyregg, Fuerstenfeld/Sauwald/Villach, St. Veit/Glan, Graz"]
[Date "2015.10.02"]
[Round "1"]
[Board "1"]
[White "Reichmann, Egon"]
[Black "Flumbort, Andras Dr."]
[Result "0-1"]
[WhiteElo "2267"]
[BlackElo "2471"]
[PlyCount "113"]
[EventDate "2015.10.02"]
[EventType "team"]
[EventRounds "11"]
[EventCountry "AUT"]
[WhiteTeam "SV Wolfsberg"]
[BlackTeam "ASK Case IH SteyrSt. Valentin"]

1. d4 {[%emt 0:00:00]} Nf6 {[%emt 0:00:00]} 2. Nf3 c5 3. d5 g6 4. c4 Bg7 5. Nc3
O-O 6. e4 d6 7. Be2 Re8 8. O-O e6 9. Qc2 exd5 10. cxd5 a6 11. a4 Bg4 12. Bf4
Qc7 13. Rfe1 Nbd7 14. h3 Bxf3 15. Bxf3 c4 16. Be2 Rac8 17. a5 Ne5 18. Bxe5 Rxe5
19. Ra4 Rce8 20. Bxc4 Nxd5 21. Nxd5 Rxd5 22. Rc1 Rd4 23. Qb1 Qd7 24. Ra3 Rdxe4
25. Bd5 Rb4 26. Rf3 Rf8 27. b3 Rb5 28. Qe4 Rxa5 29. Rd1 Rb5 30. Qc4 Rc5 31. Qb4
b5 32. Qa5 Qc8 33. Qb6 Be5 34. g3 Kg7 35. Bb7 Qxh3 36. Bxa6 h5 37. Bxb5 h4 38.
Bf1 Qg4 39. Be2 Qe6 40. Bc4 Qg4 41. Be2 Qe6 42. Bc4 Rxc4 43. bxc4 hxg3 44. Rxg3
Rc8 45. Rc1 Bxg3 46. fxg3 Rc5 47. Qb2+ Kh7 48. Qd4 Rg5 49. Rc3 Qe1+ 50. Kg2 Rh5
51. Rf3 Qh1+ 52. Kf2 Rh2+ 53. Ke3 Qg1+ 54. Ke4 Re2+ 55. Kd5 Re5+ 56. Qxe5 dxe5
57. Rxf7+ 0-1

[Event "2. BUNDESLIGA MITTE"]
[Site "Steyregg, Fuerstenfeld/Sauwald/Villach, St. Veit/Glan, Graz"]
[Date "2015.10.02"]
[Round "1"]
[Board "3"]
[White "Toefferl, Heimo"]
[Black "Sandhoefner, Florian"]
[Result "1/2-1/2"]
[WhiteElo "2035"]
[BlackElo "2229"]
[PlyCount "60"]
[EventDate "2015.10.02"]
[EventType "team"]
[EventRounds "11"]
[EventCountry "AUT"]
[WhiteTeam "SV Wolfsberg"]
[BlackTeam "ASK Case IH SteyrSt. Valentin"]

1. d4 {[%emt 0:00:00]} d5 {[%emt 0:00:00]} 2. c4 e6 3. Nc3 c6 4. Nf3 Nf6 5. Bg5
Nbd7 6. cxd5 exd5 7. Qc2 Be7 8. e3 O-O 9. Bd3 Re8 10. O-O Nf8 11. Rac1 Be6 12.
Ne5 N6d7 13. Bxe7 Qxe7 14. f4 f6 15. Nf3 Nb6 16. Qf2 Qd7 17. Nh4 Nc8 18. h3 Nd6
19. g4 Re7 20. Kh1 Rae8 21. Rg1 Bf7 22. Rg3 Ng6 23. Ng2 f5 24. g5 Ne4 25. Bxe4
dxe4 26. h4 Nf8 27. Qe2 Bd5 28. h5 Ne6 29. Rd1 Nc7 30. Rc1 Rc8 1/2-1/2

[Event "2. BUNDESLIGA MITTE"]
[Site "Steyregg, Fuerstenfeld/Sauwald/Villach, St. Veit/Glan, Graz"]
[Date "2015.10.02"]
[Round "1"]
[Board "4"]
[White "Kranzl, Peter"]
[Black "Waldmann, Gerald"]
[Result "1/2-1/2"]
[WhiteElo "2168"]
[BlackElo "2123"]
[PlyCount "38"]
[EventDate "2015.10.02"]
[EventType "team"]
[EventRounds "11"]
[EventCountry "AUT"]
[WhiteTeam "ASK Case IH SteyrSt. Valentin"]
[BlackTeam "SV Wolfsberg"]

1. e4 e6 2. d4 d5 3. Nd2 Nf6 4. e5 Nfd7 5. f4 c5 6. c3 Nc6 7. Ndf3 Qb6 8. h4
cxd4 9. cxd4 g6 10. a3 a5 11. Ne2 Be7 12. h5 O-O 13. Qd3 a4 14. Rb1 Na5 15. Nc3
Qc6 16. Ne2 b6 17. Kd1 Kh8 18. Ke1 Kg8 19. Kd1 Kh8 1/2-1/2

[Event "2. BUNDESLIGA MITTE"]
[Site "Steyregg, Fuerstenfeld/Sauwald/Villach, St. Veit/Glan, Graz"]
[Date "2015.10.02"]
[Round "1"]
[Board "5"]
[White "Stagl, Marco"]
[Black "Heimberger, Reinhard"]
[Result "0-1"]
[WhiteElo "2057"]
[BlackElo "2284"]
[PlyCount "73"]
[EventDate "2015.10.02"]
[EventType "team"]
[EventRounds "11"]
[EventCountry "AUT"]
[WhiteTeam "SV Wolfsberg"]
[BlackTeam "ASK Case IH SteyrSt. Valentin"]

1. d4 d5 2. Nf3 Nf6 3. c4 c6 4. e3 g6 5. Nc3 Bg7 6. Be2 O-O 7. O-O Nbd7 8. cxd5
Nxd5 9. e4 Nxc3 10. bxc3 e5 11. Be3 Qa5 12. Qc2 Re8 13. Rab1 Qc7 14. Nd2 Nf6
15. h3 b6 16. Bd3 Bb7 17. Rbe1 Nh5 18. g4 exd4 19. gxh5 dxe3 20. Rxe3 Bh6 21.
f4 Bxf4 22. Ref3 g5 23. h6 Qd6 24. e5 Qxh6 25. Nc4 c5 26. Be4 Bxe4 27. Qxe4
Rad8 28. Qf5 Qe6 29. Qxe6 Rxe6 30. a4 Rd7 31. h4 h6 32. hxg5 hxg5 33. a5 Bxe5
34. axb6 axb6 35. Rb1 Bc7 36. Rf5 f6 37. Ne3 0-1

[Event "2. BUNDESLIGA MITTE"]
[Site "Steyregg, Fuerstenfeld/Sauwald/Villach, St. Veit/Glan, Graz"]
[Date "2015.10.02"]
[Round "1"]
[Board "6"]
[White "Dornauer, Joachim"]
[Black "Schoenangerer, Herbert"]
[Result "1/2-1/2"]
[WhiteElo "2162"]
[BlackElo "2047"]
[PlyCount "177"]
[EventDate "2015.10.02"]
[EventType "team"]
[EventRounds "11"]
[EventCountry "AUT"]
[WhiteTeam "ASK Case IH SteyrSt. Valentin"]
[BlackTeam "SV Wolfsberg"]

1. d4 d5 2. c4 e6 3. Nc3 Nf6 4. Bg5 Nbd7 5. e3 Be7 6. Nf3 c6 7. cxd5 exd5 8.
Bd3 O-O 9. Qc2 Re8 10. O-O Nf8 11. Rab1 Be6 12. b4 a6 13. Na4 Ng4 14. Bf4 Bd6
15. Bxd6 Qxd6 16. Nc5 Re7 17. a4 g6 18. Rfc1 f5 19. b5 axb5 20. axb5 Bc8 21.
bxc6 bxc6 22. h3 Nf6 23. Ne5 Ne6 24. Nxe6 Rxe6 25. Qxc6 Qxc6 26. Rxc6 Rxc6 27.
Nxc6 Kf7 28. Ne5+ Ke7 29. h4 Be6 30. Rb7+ Kf8 31. Kh2 Re8 32. Kg3 Re7 33. Rb6
Kg7 34. Kf3 Bg8 35. Ba6 Ne4 36. Ke2 Rc7 37. Rb7 Rxb7 38. Bxb7 Be6 39. Nd3 Nf6
40. Kd2 Ne4+ 41. Kc2 Kf7 42. Kb3 Ke7 43. Bc6 Kd6 44. Ba4 h6 45. Kb4 g5 46. hxg5
hxg5 47. Bd1 Bd7 48. Bh5 Bc6 49. Bg6 Bd7 50. Nc5 Nxf2 51. Nxd7 Kxd7 52. Bxf5+
Kd6 53. Kc3 Ke7 54. Kd2 Kf6 55. Bh7 Ke6 56. Ke2 Ng4 57. Kf3 Nf6 58. Bd3 Kd6 59.
e4 dxe4+ 60. Bxe4 Ke6 61. Ba8 Kd6 62. Ke3 Ke6 63. Kd3 Kd6 64. Kc4 Ng4 65. Be4
Nf6 66. Bf3 Ne8 67. Bg4 Nf6 68. Bf5 Nd5 69. Be4 Nf6 70. Ba8 Ng4 71. Kd3 Nf6 72.
Ke3 Ke6 73. Bb7 Kd6 74. Bc8 Kd5 75. g3 Kd6 76. Bb7 Ke6 77. Kf3 Kd6 78. Ke3 Ke6
79. Bf3 Kd6 80. Kd3 Ke6 81. Kc4 Kd6 82. g4 Ne8 83. d5 Nf6 84. Kd4 Ng8 85. Ke4
Ne7 86. Bh1 Nxd5 87. Kf5 Ne3+ 88. Kxg5 Nxg4 89. Kxg4 1/2-1/2

[Event "2. BUNDESLIGA MITTE"]
[Site "Steyregg, Fuerstenfeld/Sauwald/Villach, St. Veit/Glan, Graz"]
[Date "2015.10.02"]
[Round "1"]
[Board "1"]
[White "Felsberger, Alfred"]
[Black "Huber, Martin Christian"]
[Result "0-1"]
[WhiteElo "2334"]
[BlackElo "2390"]
[PlyCount "86"]
[EventDate "2015.10.02"]
[EventType "team"]
[EventRounds "11"]
[EventCountry "AUT"]
[WhiteTeam "Union Ansfelden"]
[BlackTeam "Schachfreunde Graz"]

1. e4 c5 2. Nf3 e6 3. d4 cxd4 4. Nxd4 Nc6 5. Nc3 Qc7 6. g3 a6 7. Bg2 Nf6 8. O-O
h5 9. Nf3 Be7 10. Bg5 d6 11. Nd2 Ne5 12. Qe2 Bd7 13. Rae1 Qb6 14. Nb3 Rc8 15.
Be3 Qc7 16. h3 b5 17. a3 Nc4 18. Nd1 a5 19. Bc1 b4 20. axb4 axb4 21. Kh1 e5 22.
Rg1 Bb5 23. Qf3 Ba4 24. Bg5 Ng4 25. Bc1 g6 26. Na1 Bd7 27. b3 Na5 28. Bb2 h4
29. gxh4 Rxh4 30. Qg3 Rh7 31. Rgf1 Bg5 32. Qf3 Bd2 33. Re2 Bf4 34. Qd3 Nb7 35.
Rg1 Nc5 36. Qc4 Qb8 37. Ree1 Nf6 38. Qe2 Bxh3 39. Bxh3 Rxh3+ 40. Kg2 Rh2+ 41.
Kf1 Ncxe4 42. Rg2 Rh1+ 43. Rg1 Nd2+ 0-1

[Event "2. BUNDESLIGA MITTE"]
[Site "Steyregg, Fuerstenfeld/Sauwald/Villach, St. Veit/Glan, Graz"]
[Date "2015.10.02"]
[Round "1"]
[Board "2"]
[White "Schnider, Gert"]
[Black "Weiss, Christian"]
[Result "1/2-1/2"]
[WhiteElo "2333"]
[BlackElo "2353"]
[PlyCount "61"]
[EventDate "2015.10.02"]
[EventType "team"]
[EventRounds "11"]
[EventCountry "AUT"]
[WhiteTeam "Schachfreunde Graz"]
[BlackTeam "Union Ansfelden"]

1. d4 Nf6 2. c4 c5 3. d5 e5 4. Nc3 d6 5. e4 Be7 6. g3 O-O 7. h4 a6 8. a4 Ne8 9.
Bd3 Nd7 10. Nf3 Ndf6 11. Bd2 Bg4 12. Be2 g6 13. Bh6 Ng7 14. Ng5 Bxe2 15. Qxe2
Nfh5 16. Qd2 Qd7 17. Ra3 Bxg5 18. hxg5 f6 19. gxf6 Rxf6 20. Nd1 Raf8 21. Qe2
R6f7 22. Rh4 Qd8 23. Rh2 Nf6 24. g4 Qd7 25. f3 Rb8 26. Nc3 Nge8 27. Rh3 Nc7 28.
Rh1 Na8 29. Kd2 Qc7 30. Kc2 Nb6 31. Raa1 1/2-1/2

[Event "2. BUNDESLIGA MITTE"]
[Site "Steyregg, Fuerstenfeld/Sauwald/Villach, St. Veit/Glan, Graz"]
[Date "2015.10.02"]
[Round "1"]
[Board "3"]
[White "Moser, Guenter"]
[Black "Domarkaite, Laima"]
[Result "1/2-1/2"]
[WhiteElo "2313"]
[BlackElo "2142"]
[PlyCount "83"]
[EventDate "2015.10.02"]
[EventType "team"]
[EventRounds "11"]
[EventCountry "AUT"]
[WhiteTeam "Union Ansfelden"]
[BlackTeam "Schachfreunde Graz"]

1. d4 {[%emt 0:00:00]} Nf6 {[%emt 0:00:00]} 2. c4 e6 3. Nf3 Bb4+ 4. Nbd2 d6 5.
a3 Bxd2+ 6. Qxd2 Nbd7 7. e3 O-O 8. b3 Qe7 9. Bb2 e5 10. dxe5 dxe5 11. Qc3 Re8
12. Be2 b6 13. O-O Bb7 14. Rad1 Ne4 15. Qc2 Rad8 16. b4 h6 17. Qa4 a6 18. Qb3
Nd6 19. Qc2 Be4 20. Qc3 f6 21. c5 bxc5 22. Bxa6 Nb8 23. Be2 cxb4 24. axb4 Kh8
25. b5 Nc8 26. Ba3 Qf7 27. Rc1 c6 28. Nd2 Bd5 29. e4 Be6 30. Rfd1 cxb5 31. Bxb5
Rg8 32. Bb4 Rd4 33. Bc5 Rdd8 34. Qa5 Ne7 35. Bb6 Rc8 36. Nf1 Bb3 37. Re1 Bc4
38. Ne3 Bxb5 39. Qxb5 Nbc6 40. Nc4 Qe6 41. Red1 Nd8 42. Be3 1/2-1/2

[Event "2. BUNDESLIGA MITTE"]
[Site "Steyregg, Fuerstenfeld/Sauwald/Villach, St. Veit/Glan, Graz"]
[Date "2015.10.02"]
[Round "1"]
[Board "4"]
[White "Kastner, Walter"]
[Black "Knoll, Hermann"]
[Result "0-1"]
[WhiteElo "2211"]
[BlackElo "2331"]
[PlyCount "79"]
[EventDate "2015.10.02"]
[EventType "team"]
[EventRounds "11"]
[EventCountry "AUT"]
[WhiteTeam "Schachfreunde Graz"]
[BlackTeam "Union Ansfelden"]

1. Nf3 {[%emt 0:00:00]} Nf6 2. g3 d5 3. Bg2 c6 4. O-O Bg4 5. d4 e6 6. Nbd2 Nbd7
7. Re1 Be7 8. e4 dxe4 9. Nxe4 Nxe4 10. Rxe4 Bf5 11. Re1 Qb6 12. c3 a5 13. Qb3
a4 14. Qxb6 Nxb6 15. Ne5 h5 16. Nxc6 bxc6 17. Bxc6+ Kd8 18. Bxa8 Nxa8 19. Re5
Nb6 20. Ra5 Kc8 21. Ra7 Re8 22. Bf4 g5 23. Bc7 Nd5 24. Ra8+ Kd7 25. Rxe8 Kxe8
26. Ba5 a3 27. b3 Kd7 28. c4 Nb4 29. Rc1 Nxa2 30. Ra1 Nb4 31. Rxa3 Nc2 32. Ra2
Nxd4 33. Rd2 e5 34. Bb6 Bf6 35. b4 Be6 36. f4 gxf4 37. gxf4 Kc6 38. Bxd4 exd4
39. c5 Kb5 40. Rb2 0-1

[Event "2. BUNDESLIGA MITTE"]
[Site "Steyregg, Fuerstenfeld/Sauwald/Villach, St. Veit/Glan, Graz"]
[Date "2015.10.02"]
[Round "1"]
[Board "5"]
[White "Ennsberger, Ulrich"]
[Black "Kravanja, Georg"]
[Result "1/2-1/2"]
[WhiteElo "2314"]
[BlackElo "2215"]
[PlyCount "98"]
[EventDate "2015.10.02"]
[EventType "team"]
[EventRounds "11"]
[EventCountry "AUT"]
[WhiteTeam "Union Ansfelden"]
[BlackTeam "Schachfreunde Graz"]

1. Nf3 d5 2. g3 Nf6 3. Bg2 c6 4. b3 Nbd7 5. Bb2 e6 6. O-O Bd6 7. d4 O-O 8. Nbd2
Qe7 9. c4 b6 10. Qc2 Bb7 11. e4 Nxe4 12. Nxe4 dxe4 13. Qxe4 Nf6 14. Qe2 c5 15.
Rad1 cxd4 16. Nxd4 Bxg2 17. Kxg2 Bc5 18. Qf3 Rac8 19. Rfe1 Bxd4 20. Rxd4 Rfd8
21. Rxd8+ Rxd8 22. Bxf6 gxf6 23. Re4 Rd7 24. Rg4+ Kh8 25. Rh4 f5 26. Rh6 Qg5
27. Rh4 Qf6 28. Rf4 Qd8 29. Qc3+ Kg8 30. g4 Rd3 31. Qe5 Qh4 32. Qb8+ Kg7 33.
Qe5+ Kg8 34. Qe2 Qh3+ 35. Kg1 Rc3 36. Qd2 Rd3 37. Qe2 Rc3 38. Qe1 e5 39. Rxf5
Qxg4+ 40. Kh1 Rd3 41. Qg1 Rd1 42. Rg5+ Qxg5 43. Qxd1 Qf4 44. Kg2 e4 45. h3 f5
46. Qd8+ Kf7 47. Qd7+ Kf6 48. Qxa7 Qg5+ 49. Kh1 Qc1+ 1/2-1/2

[Event "2. BUNDESLIGA MITTE"]
[Site "Steyregg, Fuerstenfeld/Sauwald/Villach, St. Veit/Glan, Graz"]
[Date "2015.10.02"]
[Round "1"]
[Board "6"]
[White "Eder, Matthias"]
[Black "Mostbauer, Maximilian"]
[Result "1/2-1/2"]
[WhiteElo "2107"]
[BlackElo "2171"]
[PlyCount "94"]
[EventDate "2015.10.02"]
[EventType "team"]
[EventRounds "11"]
[EventCountry "AUT"]
[WhiteTeam "Schachfreunde Graz"]
[BlackTeam "Union Ansfelden"]

1. d4 Nf6 2. c4 g6 3. Nc3 Bg7 4. e4 d6 5. f3 O-O 6. Be3 e5 7. Nge2 exd4 8. Nxd4
Nc6 9. Be2 Be6 10. Nxe6 fxe6 11. O-O e5 12. c5 Kh8 13. cxd6 cxd6 14. Bc4 a6 15.
a4 Nd4 16. Bxd4 exd4 17. Qxd4 Ng4 18. Qd2 Qb6+ 19. Kh1 Ne3 20. Ba2 Nxf1 21.
Rxf1 Qd4 22. Qe2 Rad8 23. Rd1 Qf6 24. Rb1 Rb8 25. Nd5 Qd4 26. Nc7 Qxa4 27. Bd5
Qd7 28. Ne6 Rf6 29. Nxg7 Qxg7 30. b4 Rff8 31. b5 axb5 32. Qxb5 Rfc8 33. h3 h6
34. Qb6 Qc7 35. Qd4+ Qg7 36. Qxg7+ Kxg7 37. Rxb7+ Rxb7 38. Bxb7 Rc2 39. h4 Kf6
40. Kh2 Ke5 41. Kg3 g5 42. hxg5 hxg5 43. Bd5 Kd4 44. Be6 Ke3 45. Bh3 Rc5 46.
Bg4 Rb5 47. Bh3 Rc5 1/2-1/2

[Event "2. BUNDESLIGA MITTE"]
[Site "Steyregg, Fuerstenfeld/Sauwald/Villach, St. Veit/Glan, Graz"]
[Date "2015.10.02"]
[Round "1"]
[Board "1"]
[White "Jurek, Josef"]
[Black "Degtiarev, Evgeny"]
[Result "1/2-1/2"]
[WhiteElo "2289"]
[BlackElo "2411"]
[PlyCount "63"]
[EventDate "2015.10.02"]
[EventType "team"]
[EventRounds "11"]
[EventCountry "AUT"]
[WhiteTeam "Union Hartkirchen"]
[BlackTeam "RbEJ Gleisdorf"]

1. Nf3 Nf6 2. c4 g6 3. d4 Bg7 4. g3 c6 5. Bg2 O-O 6. Nc3 d5 7. cxd5 cxd5 8. Ne5
e6 9. Bg5 Qb6 10. Qd2 Nc6 11. Nxc6 bxc6 12. O-O Nd7 13. Be3 Rb8 14. b3 Qb4 15.
Rac1 Ba6 16. Rfd1 Rfe8 17. Bh6 Bxh6 18. Qxh6 c5 19. dxc5 Nxc5 20. Bxd5 Red8 21.
Bf3 Rxd1+ 22. Nxd1 Qe1+ 23. Kg2 Bxe2 24. Bxe2 Qxe2 25. Rxc5 Qxd1 26. Qf4 Rf8
27. b4 Rd8 28. Rc7 Rd7 29. Rc8+ Rd8 30. Rc7 Rd7 31. Rc8+ Rd8 32. Rc7 1/2-1/2

[Event "2. BUNDESLIGA MITTE"]
[Site "Steyregg, Fuerstenfeld/Sauwald/Villach, St. Veit/Glan, Graz"]
[Date "2015.10.02"]
[Round "1"]
[Board "2"]
[White "Frosch, Ronald"]
[Black "Kleibel, Uwe"]
[Result "1-0"]
[WhiteElo "2239"]
[BlackElo "2212"]
[PlyCount "129"]
[EventDate "2015.10.02"]
[EventType "team"]
[EventRounds "11"]
[EventCountry "AUT"]
[WhiteTeam "RbEJ Gleisdorf"]
[BlackTeam "Union Hartkirchen"]

1. d4 Nf6 2. Nf3 d5 3. Bf4 e6 4. e3 c5 5. c3 Nc6 6. Bd3 Bd6 7. Bxd6 Qxd6 8.
Nbd2 O-O 9. dxc5 Qxc5 10. e4 e5 11. O-O Bg4 12. Qc2 Bxf3 13. Nxf3 dxe4 14. Bxe4
Nxe4 15. Qxe4 f5 16. Qh4 Rae8 17. Rad1 e4 18. Ng5 h6 19. Nh3 Ne5 20. Nf4 Kh7
21. Qh5 g6 22. Qe2 g5 23. Nd5 Rd8 24. Nf6+ Kg7 25. Nh5+ Kg6 26. Ng3 Ng4 27.
Nxe4 fxe4 28. Rxd8 Rxd8 29. Qxg4 Qf5 30. Qe2 Qf4 31. Rd1 Rxd1+ 32. Qxd1 h5 33.
g3 Qf7 34. Qd6+ Kh7 35. Qb4 Qd5 36. Qb3 Qd7 37. Qc2 Qf5 38. Qe2 Kg6 39. Qc4 h4
40. Qe2 h3 41. Qe1 g4 42. c4 e3 43. fxe3 Qe4 44. Qe2 Qb1+ 45. Kf2 Qf5+ 46. Ke1
Qb1+ 47. Qd1 Qe4 48. Kd2 Qg2+ 49. Qe2 Kf5 50. Kd3 Qe4+ 51. Kc3 Qg2 52. Qd2 Ke4
53. b4 Kf3 54. c5 a6 55. a4 Qg1 56. Kc2 Ke4 57. Qd4+ Kf3 58. Qd2 Qa1 59. Qd1+
Qxd1+ 60. Kxd1 Kg2 61. Ke2 Kxh2 62. Kf2 Kh1 63. e4 a5 64. bxa5 b5 65. c6 1-0

[Event "2. BUNDESLIGA MITTE"]
[Site "Steyregg, Fuerstenfeld/Sauwald/Villach, St. Veit/Glan, Graz"]
[Date "2015.10.02"]
[Round "1"]
[Board "3"]
[White "Windhager, Hannes"]
[Black "Manhardt, Thomas"]
[Result "0-1"]
[WhiteElo "2176"]
[BlackElo "2237"]
[PlyCount "70"]
[EventDate "2015.10.02"]
[EventType "team"]
[EventRounds "11"]
[EventCountry "AUT"]
[WhiteTeam "Union Hartkirchen"]
[BlackTeam "RbEJ Gleisdorf"]

1. e4 e6 2. d4 d5 3. Nc3 Bb4 4. Bd2 Bxc3 5. Bxc3 dxe4 6. Qg4 Nf6 7. Qxg7 Rg8 8.
Qh6 Rg6 9. Qe3 Nc6 10. Ne2 Ne7 11. Ng3 Ned5 12. Qe2 Nxc3 13. bxc3 Qd5 14. Qd2
b6 15. a4 Bb7 16. Bb5+ c6 17. Be2 Rd8 18. Rd1 Qa5 19. O-O h5 20. f3 e3 21. Qxe3
Nd5 22. Qe5 Nxc3 23. Qxa5 bxa5 24. Bd3 Rxg3 25. hxg3 Nxd1 26. Rxd1 Rxd4 27. Rb1
Rb4 28. Rxb4 axb4 29. Kf2 Ke7 30. Ke3 a5 31. Be2 c5 32. Bb5 Bd5 33. Kd3 e5 34.
Bc4 Bxc4+ 35. Kxc4 Kd6 0-1

[Event "2. BUNDESLIGA MITTE"]
[Site "Steyregg, Fuerstenfeld/Sauwald/Villach, St. Veit/Glan, Graz"]
[Date "2015.10.02"]
[Round "1"]
[Board "4"]
[White "Watzka, Horst"]
[Black "Konrad, Edmund"]
[Result "1/2-1/2"]
[WhiteElo "2236"]
[BlackElo "2193"]
[PlyCount "33"]
[EventDate "2015.10.02"]
[EventType "team"]
[EventRounds "11"]
[EventCountry "AUT"]
[WhiteTeam "RbEJ Gleisdorf"]
[BlackTeam "Union Hartkirchen"]

1. e4 {[%emt 0:00:00]} e6 2. Nc3 d5 3. d4 Nf6 4. Bd3 c5 5. exd5 Nxd5 6. Nf3
cxd4 7. Bb5+ Bd7 8. Bxd7+ Qxd7 9. Nxd5 Qxd5 10. Qxd4 Qxd4 11. Nxd4 a6 12. O-O
Nd7 13. Rd1 Be7 14. Be3 Bf8 15. Bc1 Be7 16. Be3 Bf8 17. Bc1 1/2-1/2

[Event "2. BUNDESLIGA MITTE"]
[Site "Steyregg, Fuerstenfeld/Sauwald/Villach, St. Veit/Glan, Graz"]
[Date "2015.10.02"]
[Round "1"]
[Board "5"]
[White "Mayerhofer, Peter"]
[Black "Sandner, Wolfgang"]
[Result "1/2-1/2"]
[WhiteElo "2183"]
[BlackElo "2252"]
[PlyCount "76"]
[EventDate "2015.10.02"]
[EventType "team"]
[EventRounds "11"]
[EventCountry "AUT"]
[WhiteTeam "Union Hartkirchen"]
[BlackTeam "RbEJ Gleisdorf"]

1. e4 d6 2. d4 Nf6 3. Nc3 e5 4. Nf3 Nbd7 5. Bc4 Be7 6. O-O O-O 7. Re1 c6 8. a4
b6 9. h3 Bb7 10. Qe2 h6 11. Be3 Re8 12. dxe5 Nxe5 13. Nxe5 dxe5 14. Red1 Qc7
15. f3 Rad8 16. Rxd8 Rxd8 17. Rd1 Bc8 18. Rxd8+ Qxd8 19. Qd3 Qf8 20. Ne2 Bc5
21. b3 Qe7 22. Kf1 Nd7 23. Bxc5 Nxc5 24. Qd2 Kh7 25. Nc3 Nd7 26. Ne2 a6 27. b4
b5 28. axb5 axb5 29. Bb3 f6 30. c4 bxc4 31. Bxc4 Nb6 32. Bd3 Qd6 33. Qc2 Be6
34. Kf2 Bd7 35. Qc3 Na4 36. Qb3 Nb6 37. Qc3 Na4 38. Qb3 Nb6 1/2-1/2

[Event "2. BUNDESLIGA MITTE"]
[Site "Steyregg, Fuerstenfeld/Sauwald/Villach, St. Veit/Glan, Graz"]
[Date "2015.10.02"]
[Round "1"]
[Board "6"]
[White "Missethan, Michael"]
[Black "Ganglberger, Robert"]
[Result "1/2-1/2"]
[WhiteElo "2052"]
[BlackElo "2046"]
[PlyCount "66"]
[EventDate "2015.10.02"]
[EventType "team"]
[EventRounds "11"]
[EventCountry "AUT"]
[WhiteTeam "RbEJ Gleisdorf"]
[BlackTeam "Union Hartkirchen"]

1. e4 c5 2. Nf3 Nc6 3. Bb5 g6 4. O-O Bg7 5. Nc3 e6 6. Bxc6 bxc6 7. d3 e5 8. Be3
d6 9. Re1 Ne7 10. h3 O-O 11. Nh2 Be6 12. Qd2 Rb8 13. Rab1 f5 14. Bh6 f4 15.
Bxg7 Kxg7 16. Nf3 h6 17. b3 Qd7 18. Kh2 g5 19. Rh1 Ng6 20. Kg1 Kf6 21. Kf1 Rg8
22. Ke2 Qb7 23. Na4 Qb5 24. Nc3 Qa6 25. a4 Rb4 26. Kd1 Rgb8 27. Ke2 Bf7 28. Nh2
Nh4 29. g3 Bh5+ 30. g4 Bg6 31. f3 Bf7 32. Kf2 Qb7 33. Rhe1 Qa6 1/2-1/2